Southville International School and Colleges
Your cart is empty.
  • Cart
  • Lists
    Public lists Eva Luna New books Lux_list list_1
    Your lists Log in to create your own lists
  • Log in to your account
  • Your cookies
  • Search history
Southville International School and Colleges
  • Advanced search
  • Recent comments
  • Most popular
  • Libraries

Log in to your account

Log in with GOOGLE


If you do not have an external account, but do have a local account, you can still log in:

  1. Home
  2. MARC view: New and later poems /
Normal view MARC view ISBD view

New and later poems / (Record no. 293555)

[ view plain ]
MARC details
000 -LEADER
fixed length control field 00549nam a2200205Ia 4500
008 - FIXED-LENGTH DATA ELEMENTS--GENERAL INFORMATION
fixed length control field 160418s9999 xx 000 0 und d
020 ## - INTERNATIONAL STANDARD BOOK NUMBER
International Standard Book Number 971-542-386-8
050 ## - LIBRARY OF CONGRESS CALL NUMBER
Classification number FIL PS 9993
050 ## - LIBRARY OF CONGRESS CALL NUMBER
Item number .S26 2003
100 ## - MAIN ENTRY--PERSONAL NAME
Personal name Sanchez, Wilfredo Pascua.
245 ## - TITLE STATEMENT
Title New and later poems /
245 ## - TITLE STATEMENT
Statement of responsibility, etc wilfredo Pascua Sanchez.
260 ## - PUBLICATION, DISTRIBUTION, ETC. (IMPRINT)
Place of publication, distribution, etc Quezon City:
260 ## - PUBLICATION, DISTRIBUTION, ETC. (IMPRINT)
Name of publisher, distributor, etc The University of the Philippine Press.,
260 ## - PUBLICATION, DISTRIBUTION, ETC. (IMPRINT)
Date of publication, distribution, etc 2003
300 ## - PHYSICAL DESCRIPTION
Extent 86 pages :
300 ## - PHYSICAL DESCRIPTION
Other physical details illustrations ;
300 ## - PHYSICAL DESCRIPTION
Dimensions 23 cm.
650 ## - SUBJECT ADDED ENTRY--TOPICAL TERM
Topical term or geographic name as entry element Philippine poetry (English).
Holdings
Withdrawn status Lost status Damaged status Home library Current library Shelving location Date acquired Cost, normal purchase price Total Checkouts Full call number Barcode Date last seen Price effective from Koha item type
      South Mansfield College South Mansfield College Filipiniana Section 03/07/2005 240.00   FIL PS 9993 .S26 2003 SMC01949 04/18/2016 04/18/2016  

New and later poems /

APA

Sanchez W. P., .New and later poems. Quezon City: .

Chicago

Sanchez Wilfredo Pascua, .New and later poems. Quezon City: .

Harvard

Sanchez W. P., .New and later poems. Quezon City: .

MLA

Sanchez Wilfredo Pascua, .Quezon City: . .

  • Place hold
  • Print
  • Cite
  • Add to your cart (remove)
  • Save record
    BIBTEX Dublin Core MARCXML MARC (non-Unicode/MARC-8) MARC (Unicode/UTF-8) MARC (Unicode/UTF-8, Standard) MODS (XML) RIS
  • More searches
    Search for this title in:
    Other Libraries (WorldCat) Other Databases (Google Scholar) Online Stores (Bookfinder.com) Open Library (openlibrary.org)

Exporting to Dublin Core...

SOUTHVILLE LIBRARY

Southville International School and Colleges Library

1281 Tropical Ave. Cor. Luxembourg St., BF Homes International, Las Pinas City

Tel. No. 8256374 / 252358 Loc. 117/146

Powered by Koha